000 01140nam0a2200313 4500
001 RU\NLR\BIBL_A\011289654
005 20250626040106.0
010 _a978-5-9925-1133-8
_91500
021 _aRU
_b2016-89386
_95875
035 _a(NLR Aleph) 011289654
090 _a10912708
_c10912708
100 _a20161207d2016 |||y0rusy50 ca
101 0 _ager
102 _aRU
105 _ay z 000ay
200 1 _aAmerika
_e[книга для чтения на немецком языке]
_fFranz Kafka
_gкоммент. и словарь И.О. Ситниковой
210 _aСанкт-Петербург
_cКаро
_d2016
215 _a461, [2] с.
_d17
225 1 _aDeutsch
_iModerne Prosa
300 _aВ вып. дан.: Америка / Кафка Франц
333 _a16+
517 1 _aАмерика
606 1 _aНемецкий язык
_jКниги для чтения
_91063964
_3RU\NLR\AUTH\66413315
686 1 _aШ143.24-93рус91
700 1 _7ba
_8ger
_aKafka
_bF.
_f1883-1924
_gFranz
_9194534
_3RU\NLR\AUTH\770194585
942 _cBOOK
980 _aNB